[Event "Rosenheim IM-A"]
[Site "Rosenheim"]
[Date "2025.05.28"]
[Round "4"]
[White "Mons, Leon"]
[Black "Miller, Eduard"]
[Result "1-0"]
[WhiteElo "2472"]
[BlackElo "2338"]
[PlyCount "77"]
[EventDate "2025.05.25"]
[EventType "tourn"]
[EventRounds "9"]
[EventCountry "GER"]
[SourceTitle "CB23_2025"]
[SourceDate "2025.06.04"]
[SourceVersion "1"]
[SourceVersionDate "2025.06.04"]
[SourceQuality "1"]

1. e4 c6 2. Nf3 d5 3. Nc3 dxe4 4. Nxe4 Nf6 5. Qe2 Na6 6. a3 Nc7 7. d3 Ne6 8. g3 Nxe4 9. dxe4 g6 10. Be3 Bg7 11. c3 b6 12. h4 h6 13. Qc2 Qc7 14. h5 g5 15. Nd4 Nxd4 16. cxd4 Bb7 17. Bg2 0-0-0 18. e5 c5 19. Bxb7+ Kxb7 20. dxc5 Qxe5 21. 0-0 e6 22. Rac1 Rc8 23. Rfd1 Kb8 24. Qa4 b5 25. Qxb5+ Ka8 26. Bd4 Qxd4 27. Rxd4 Bxd4 28. Qd7 Bxc5 29. Kg2 Kb8 30. b4 Bb6 31. Rxc8+ Rxc8 32. Qxf7 e5 33. Qg6 Bd4 34. Qxh6 g4 35. Qg6 Kb7 36. Qxg4 Rc7 37. Qe4+ Kb6 38. h6 Kb5 39. h7 1-0

[Event "GER-ch Candidates 96th"]
[Site "Munich"]
[Date "2025.05.22"]
[Round "8"]
[White "Miller, Eduard"]
[Black "Spitzl, Vinzent"]
[Result "1-0"]
[WhiteElo "2338"]
[BlackElo "2355"]
[PlyCount "55"]
[EventDate "2025.05.17"]
[EventType "swiss"]
[EventRounds "9"]
[EventCountry "GER"]
[SourceTitle "CB22_2025"]
[SourceDate "2025.05.28"]
[SourceVersion "1"]
[SourceVersionDate "2025.05.28"]
[SourceQuality "1"]

1. Nf3 Nf6 2. g3 d5 3. Bg2 e6 4. 0-0 Be7 5. d3 a5 6. a4 0-0 7. b3 Nc6 8. Bb2 Re8 9. Nbd2 b6 10. e4 dxe4 11. dxe4 Ba6 12. e5 Nd5 13. Nc4 Bb4 14. Qd3 b5 15. axb5 Bxb5 16. h4 h6 17. Rfd1 a4 18. bxa4 Bxa4 19. Qe4 Qe7 20. Bf1 Qc5 21. Bd3 Kf8 22. Qh7 Ke7 23. Rxa4 Rxa4 24. Qxg7 Bc3 25. Bxc3 Nxc3 26. Bg6 Rf8 27. Qf6+ Ke8 28. Qxe6+ 1-0

[Event "GER-ch Candidates 96th"]
[Site "Munich"]
[Date "2025.05.21"]
[Round "6"]
[White "Miller, Eduard"]
[Black "Voicu Jagodzinsky, Carmen"]
[Result "1-0"]
[WhiteElo "2338"]
[BlackElo "2220"]
[PlyCount "73"]
[EventDate "2025.05.17"]
[EventType "swiss"]
[EventRounds "9"]
[EventCountry "GER"]
[SourceTitle "CB22_2025"]
[SourceDate "2025.05.28"]
[SourceVersion "1"]
[SourceVersionDate "2025.05.28"]
[SourceQuality "1"]

1. Nf3 Nf6 2. g3 d5 3. Bg2 e6 4. 0-0 Be7 5. d3 0-0 6. Nbd2 c5 7. e4 Nc6 8. Re1 b5 9. e5 Nd7 10. Nf1 Bb7 11. h4 Qc7 12. Bf4 Rfc8 13. Ne3 Qd8 14. c4 d4 15. Ng4 Rab8 16. Ng5 h6 17. Nxf7 Kxf7 18. Nxh6+ Kf8 19. Qg4 Ncxe5 20. Qxe6 gxh6 21. Bxh6+ Ke8 22. Qg8+ Nf8 23. Rxe5 Kd7 24. Rae1 Bxg2 25. Qg4+ Kc6 26. Rxe7 bxc4 27. dxc4 Bd5 28. Bxf8 Bxc4 29. Qg6+ Kb5 30. a4+ Kb4 31. Bh6 d3 32. Bd2+ Kb3 33. Qg4 Qd4 34. Qd1+ Ka2 35. Qa1+ Kb3 36. Rc1 Qxb2 37. Rc3+ 1-0

[Event "GER-ch Candidates 96th"]
[Site "Munich"]
[Date "2025.05.20"]
[Round "5"]
[White "Hertneck, Gerald"]
[Black "Miller, Eduard"]
[Result "1-0"]
[WhiteElo "2420"]
[BlackElo "2338"]
[PlyCount "131"]
[EventDate "2025.05.17"]
[EventType "swiss"]
[EventRounds "9"]
[EventCountry "GER"]
[SourceTitle "CB22_2025"]
[SourceDate "2025.05.28"]
[SourceVersion "1"]
[SourceVersionDate "2025.05.28"]
[SourceQuality "1"]

1. d4 Nf6 2. c4 c5 3. d5 b5 4. cxb5 a6 5. b6 e6 6. Nc3 Nxd5 7. Nxd5 exd5 8. Qxd5 Nc6 9. Nf3 Be7 10. Ne5 0-0 11. Nxc6 dxc6 12. Qxd8 Rxd8 13. Bf4 Rd4 14. g3 Rb4 15. b3 Rxb6 16. Bg2 a5 17. 0-0 Be6 18. Bc7 Rb4 19. Be5 Ra6 20. Bc3 Rbb6 21. Rfb1 c4 22. bxc4 Bxc4 23. Rxb6 Rxb6 24. Bxa5 Ra6 25. Bd2 Bf6 26. Rc1 Bb5 27. Rc2 Ba4 28. Rc4 Bb5 29. Rc2 Ba4 30. Rc5 Bb5 31. Bc1 Rxa2 32. Bxc6 Ba6 33. Bf3 Kf8 34. Kf1 Bd4 35. Rd5 Bb6 36. Bd2 Bb7 37. Bb4+ Kg8 38. Re5 Ra1+ 39. Kg2 Bxf3+ 40. Kxf3 h6 41. h4 Rb1 42. Bd6 Rd1 43. Re8+ Kh7 44. Bf4 Rd5 45. e3 h5 46. Rb8 Bd8 47. e4 Rd7 48. e5 Rd1 49. Ke4 Re1+ 50. Be3 Ba5 51. Kf5 Re2 52. Rb7 Be1 53. Rxf7 Bxf2 54. Bf4 Bd4 55. Rd7 Bc3 56. Rd3 Bb4 57. Kg5 Kg8 58. Kxh5 Kf7 59. Rd7+ Be7 60. Bg5 Rxe5 61. Rxe7+ Rxe7 62. Bxe7 Kxe7 63. Kg6 Kf8 64. Kh7 Kf7 65. g4 Kf6 66. g5+ 1-0

[Event "GER-ch Candidates 96th"]
[Site "Munich"]
[Date "2025.05.19"]
[Round "4"]
[White "Sauer, Tim"]
[Black "Miller, Eduard"]
[Result "0-1"]
[WhiteElo "2139"]
[BlackElo "2338"]
[PlyCount "78"]
[EventDate "2025.05.17"]
[EventType "swiss"]
[EventRounds "9"]
[EventCountry "GER"]
[SourceTitle "CB22_2025"]
[SourceDate "2025.05.28"]
[SourceVersion "1"]
[SourceVersionDate "2025.05.28"]
[SourceQuality "1"]

1. c4 Nf6 2. Nc3 e5 3. g3 d6 4. Bg2 g6 5. e3 Bg7 6. Nge2 0-0 7. 0-0 Re8 8. d3 Nbd7 9. Rb1 h5 10. b4 h4 11. Nd5 Nxd5 12. cxd5 a5 13. a3 Nb6 14. Qc2 h3 15. Bh1 axb4 16. axb4 Bd7 17. e4 Na4 18. Be3 Bb5 19. Rfc1 Qd7 20. Bf3 Rec8 21. Qd1 c6 22. dxc6 Rxc6 23. Rxc6 bxc6 24. Qb3 Kh7 25. Rd1 f5 26. exf5 Qxf5 27. Be4 Qg4 28. f3 Qd7 29. f4 d5 30. Bf3 exf4 31. Bxf4 Nb2 32. Rb1 Nxd3 33. Be3 Ne5 34. Nd4 Nxf3+ 35. Nxf3 Qf5 36. Bf4 Ra3 37. Ng5+ Kg8 38. Qd1 Bd4+ 39. Kh1 Be2 0-1

[Event "Bayern-ch 95th"]
[Site "Rosenheim"]
[Date "2024.08.30"]
[Round "8"]
[White "Miller, Eduard"]
[Black "Uphoff, Lennart"]
[Result "0-1"]
[WhiteElo "2319"]
[BlackElo "2197"]
[PlyCount "76"]
[EventDate "2024.08.25"]
[EventType "swiss"]
[EventRounds "9"]
[EventCountry "GER"]
[SourceTitle "CBM 221 Extra"]
[Source "ChessBase"]
[SourceDate "2024.09.30"]
[SourceVersion "1"]
[SourceVersionDate "2024.09.30"]
[SourceQuality "1"]

1. e4 c6 2. d4 d5 3. e5 c5 4. Nf3 cxd4 5. Qxd4 Nc6 6. Qf4 g6 7. Nc3 d4 8. Ne4 Bh6 9. Qg3 Bf5 10. Bd3 Qd5 11. Bxh6 Nxh6 12. Qf4 Ng4 13. 0-0 Ngxe5 14. Rfe1 0-0 15. Nxe5 Nxe5 16. Ng3 Nxd3 17. cxd3 e6 18. Re5 Qd7 19. Nxf5 exf5 20. Rae1 Rae8 21. h4 Rxe5 22. Qxe5 h5 23. Qf6 Qd5 24. a3 Qc5 25. Kh2 b5 26. Re7 b4 27. a4 a5 28. Kg3 f4+ 29. Kh2 f3 30. gxf3 Qc2 31. Qxd4 Qxa4 32. Ra7 Qb5 33. Kg2 a4 34. Qf6 a3 35. bxa3 b3 36. Qb2 Rb8 37. Rc7 Qxd3 38. Rc3 Qxc3 0-1

[Event "Bayern-ch 95th"]
[Site "Rosenheim"]
[Date "2024.08.29"]
[Round "7"]
[White "Schlichtmann, Robin"]
[Black "Miller, Eduard"]
[Result "1/2-1/2"]
[WhiteElo "2264"]
[BlackElo "2319"]
[PlyCount "99"]
[EventDate "2024.08.25"]
[EventType "swiss"]
[EventRounds "9"]
[EventCountry "GER"]
[SourceTitle "CBM 221 Extra"]
[Source "ChessBase"]
[SourceDate "2024.09.30"]
[SourceVersion "1"]
[SourceVersionDate "2024.09.30"]
[SourceQuality "1"]

1. e4 c5 2. c3 d5 3. exd5 Qxd5 4. d4 Nc6 5. Nf3 Bg4 6. dxc5 Qxd1+ 7. Kxd1 e5 8. b4 a5 9. b5 Nd8 10. c6 bxc6 11. h3 Bxf3+ 12. gxf3 Ne6 13. Kc2 Bc5 14. Nd2 Nf6 15. bxc6 Ke7 16. a4 Rhc8 17. Bb5 Nd8 18. Re1 Nxc6 19. f4 Bxf2 20. Ba3+ Kd8 21. Rxe5 Nxe5 22. fxe5 Nd5 23. Ne4 Bd4 24. Rd1 Ne3+ 25. Kd3 Nxd1 26. cxd4 f5 27. Nc5 Nf2+ 28. Ke3 Rxc5 29. Bxc5 Ne4 30. Bb6+ Ke7 31. d5 Kf7 32. d6 Ke6 33. Bc6 Rb8 34. d7 Ke7 35. Bxa5 Nc5 36. d8Q+ Rxd8 37. Bxd8+ Kxd8 38. a5 g5 39. Bd5 Kc7 40. Kd4 Na6 41. Kc4 Kd7 42. Bb7 Nb8 43. a6 Kc7 44. e6 Nxa6 45. Bxa6 Kd6 46. Bc8 g4 47. hxg4 fxg4 48. Kd4 g3 49. Ke3 h5 50. Kf3 1/2-1/2

[Event "Bayern-ch 95th"]
[Site "Rosenheim"]
[Date "2024.08.25"]
[Round "1"]
[White "Vogel, Robert"]
[Black "Miller, Eduard"]
[Result "1/2-1/2"]
[WhiteElo "2100"]
[BlackElo "2319"]
[PlyCount "56"]
[EventDate "2024.08.25"]
[EventType "swiss"]
[EventRounds "9"]
[EventCountry "GER"]
[SourceTitle "CBM 221 Extra"]
[Source "ChessBase"]
[SourceDate "2024.09.30"]
[SourceVersion "1"]
[SourceVersionDate "2024.09.30"]
[SourceQuality "1"]

1. d4 Nf6 2. c4 b6 3. Nc3 Bb7 4. f3 d5 5. cxd5 Nxd5 6. e4 Nxc3 7. bxc3 e6 8. Bd3 Be7 9. Ne2 0-0 10. 0-0 c5 11. Be3 cxd4 12. cxd4 Nc6 13. Rc1 Rc8 14. Qd2 Bb4 15. Qb2 Qe7 16. Qb1 Ba3 17. Rc3 Na5 18. Bd2 Nc6 19. Be3 Rfd8 20. e5 h6 21. f4 Na5 22. f5 exf5 23. Rxf5 Rxc3 24. Nxc3 Nc6 25. Bc4 Rf8 26. Nd5 Qh4 27. Rf4 Qh5 28. Rf5 Qh4 1/2-1/2

[Event "Rosenheim IM"]
[Site "Rosenheim"]
[Date "2024.08.16"]
[Round "7"]
[White "Lucas, Arthur"]
[Black "Miller, Eduard"]
[Result "1/2-1/2"]
[WhiteElo "2332"]
[BlackElo "2319"]
[PlyCount "99"]
[EventDate "2024.08.12"]
[EventType "tourn"]
[EventRounds "9"]
[EventCountry "GER"]
[EventCategory "3"]
[SourceTitle "CBM 221 Extra"]
[Source "ChessBase"]
[SourceDate "2024.09.30"]
[SourceVersion "1"]
[SourceVersionDate "2024.09.30"]
[SourceQuality "1"]

1. e4 c5 2. Nc3 Nc6 3. f4 g6 4. Nf3 Bg7 5. a3 d6 6. Bc4 e6 7. d3 Nge7 8. Ba2 d5 9. 0-0 a6 10. Qe1 Nd4 11. Qf2 b5 12. exd5 exd5 13. Be3 Ne6 14. Bxc5 Nxc5 15. Qxc5 Be6 16. Rae1 0-0 17. Ng5 Rc8 18. Qf2 Rc6 19. Nd1 a5 20. c3 b4 21. axb4 axb4 22. Qh4 h6 23. Nxe6 fxe6 24. Kh1 Ra6 25. Bb3 bxc3 26. bxc3 Rf7 27. d4 Qc8 28. Qh3 Nf5 29. Bc2 Ra3 30. Qg4 Kh7 31. Qe2 Ra2 32. g4 Rxc2 33. Qxc2 Nxd4 34. Qd3 Nb3 35. f5 gxf5 36. gxf5 Nc5 37. Qh3 exf5 38. Ne3 Nd3 39. Rd1 Qxc3 40. Qf3 Ne5 41. Qe2 d4 42. Nxf5 Qc6+ 43. Qg2 Qxg2+ 44. Kxg2 Nc4 45. Rc1 Rxf5 46. Rxc4 Rg5+ 47. Kh1 Kg6 48. Rc7 Be5 49. Rd7 Rf5 50. Rxf5 1/2-1/2

[Event "Rosenheim IM"]
[Site "Rosenheim"]
[Date "2024.08.14"]
[Round "4"]
[White "Miller, Eduard"]
[Black "Georgescu, Lena"]
[Result "1-0"]
[WhiteElo "2319"]
[BlackElo "2209"]
[PlyCount "185"]
[EventDate "2024.08.12"]
[EventType "tourn"]
[EventRounds "9"]
[EventCountry "GER"]
[EventCategory "3"]
[SourceTitle "CBM 221 Extra"]
[Source "ChessBase"]
[SourceDate "2024.09.30"]
[SourceVersion "1"]
[SourceVersionDate "2024.09.30"]
[SourceQuality "1"]

1. e4 e5 2. Nf3 Nc6 3. Nc3 Nf6 4. d4 exd4 5. Nxd4 Bb4 6. Nxc6 bxc6 7. Bd3 0-0 8. 0-0 Re8 9. Bg5 h6 10. Bh4 d5 11. exd5 g5 12. Bg3 cxd5 13. Nb5 Ba5 14. c4 a6 15. Nd4 dxc4 16. Bxc4 Bb6 17. Nc6 Qxd1 18. Rfxd1 Be6 19. Ne5 Ne4 20. Kf1 Nxg3+ 21. hxg3 Bxc4+ 22. Nxc4 Rad8 23. b3 Bd4 24. Rac1 c5 25. g4 Kg7 26. Re1 Rxe1+ 27. Rxe1 Kf6 28. Re4 a5 29. Nxa5 Ra8 30. Nc6 Rxa2 31. Nxd4 cxd4 32. Rxd4 Rb2 33. Rd3 Kg6 34. Rd6+ f6 35. Rb6 h5 36. f3 hxg4 37. fxg4 Rd2 38. Rb4 Kf7 39. Re4 Rb2 40. b4 Kg6 41. g3 Rc2 42. Rd4 Rb2 43. Rc4 f5 44. Rc6+ Kf7 45. gxf5 Rxb4 46. Kf2 Rb5 47. g4 Rb4 48. Kf3 Rb3+ 49. Ke4 Rg3 50. Ke5 Re3+ 51. Kd5 Rd3+ 52. Ke4 Rg3 53. Ra6 Rg1 54. Kf3 Rf1+ 55. Kg2 Rf4 56. Kg3 Rb4 57. Rg6 Rb3+ 58. Kf2 Rb2+ 59. Ke3 Rb3+ 60. Kd2 Rb2+ 61. Kc3 Re2 62. Rxg5 Re4 63. Kd3 Re1 64. Kd4 Re2 65. Rh5 Kg7 66. Rg5+ Kf7 67. Rg6 Re1 68. Kd5 Re2 69. Kd4 Re1 70. Kd3 Re8 71. Ra6 Rg8 72. Ra4 Kf6 73. Ke3 Kg5 74. Ra6 Rg7 75. Kf3 Rg8 76. Kg3 Rg7 77. Ra8 Rb7 78. Rg8+ Kf6 79. Rg6+ Kf7 80. Kf4 Rb4+ 81. Kg5 Rb7 82. Rh6 Kg7 83. f6+ Kg8 84. Rh1 Rb4 85. Ra1 Rb7 86. Kg6 Rg7+ 87. Kf5 Rb7 88. g5 Rb5+ 89. Kg6 Rb8 90. Ra7 Rc8 91. Rg7+ Kh8 92. Rh7+ Kg8 93. f7+ 1-0

[Event "Rosenheim IM"]
[Site "Rosenheim"]
[Date "2024.08.13"]
[Round "3"]
[White "Miller, Eduard"]
[Black "Schulz, Lukas"]
[Result "0-1"]
[WhiteElo "2319"]
[BlackElo "2298"]
[PlyCount "74"]
[EventDate "2024.08.12"]
[EventType "tourn"]
[EventRounds "9"]
[EventCountry "GER"]
[EventCategory "3"]
[SourceTitle "CBM 221 Extra"]
[Source "ChessBase"]
[SourceDate "2024.09.30"]
[SourceVersion "1"]
[SourceVersionDate "2024.09.30"]
[SourceQuality "1"]

1. d4 Nf6 2. Bf4 g6 3. Nd2 Bg7 4. c3 0-0 5. e4 d6 6. Ngf3 Nbd7 7. Qc2 b6 8. Be2 Bb7 9. 0-0 h6 10. h3 e5 11. dxe5 Nh5 12. Be3 dxe5 13. Rfd1 Qe7 14. b4 Nf4 15. Bf1 Ne6 16. Bd3 Nf4 17. Bc4 Kh8 18. a4 f5 19. Bxf4 fxe4 20. Bg5 hxg5 21. Nxe4 Rf4 22. Bd5 c6 23. Bb3 g4 24. Nfg5 Bh6 25. Ne6 gxh3 26. Nxf4 exf4 27. Qd3 h2+ 28. Kxh2 Ne5 29. Qh3 Kg7 30. Nd6 f3 31. Nf7 Bf4+ 32. g3 Nxf7 33. Rd7 Bxg3+ 34. Kxg3 Qe5+ 35. Kxf3 Rf8 36. Rxf7+ Rxf7+ 37. Bxf7 c5+ 0-1

[Event "BL2-Ost 2324"]
[Site "Germany"]
[Date "2024.03.17"]
[Round "10.2"]
[White "Kosic, Dragan"]
[Black "Miller, Eduard"]
[Result "0-1"]
[WhiteElo "2392"]
[BlackElo "2342"]
[PlyCount "134"]
[EventDate "2023.10.21"]
[EventType "team-tourn"]
[EventRounds "10"]
[EventCountry "GER"]
[SourceTitle "EXT 2025"]
[Source "ChessBase"]
[SourceDate "2024.10.14"]
[SourceVersion "1"]
[SourceVersionDate "2024.10.14"]
[SourceQuality "1"]
[WhiteTeam "Muenchen Suedost"]
[BlackTeam "Erlangen"]
[WhiteTeamCountry "GER"]
[BlackTeamCountry "GER"]

1. d4 Nf6 2. Nf3 g6 3. c4 Bg7 4. Nc3 0-0 5. e4 d6 6. Be2 e5 7. Be3 exd4 8. Nxd4 Re8 9. f3 c6 10. Qd2 d5 11. exd5 cxd5 12. 0-0-0 Nc6 13. Rhe1 Bd7 14. Nc2 dxc4 15. Bxc4 Be6 16. Qxd8 Raxd8 17. Rxd8 Rxd8 18. Bxe6 fxe6 19. Bg5 Kf7 20. Ne4 Rd5 21. Bxf6 Bxf6 22. Ne3 Rd4 23. Nxf6 Kxf6 24. Ng4+ Kf5 25. a3 h5 26. Ne3+ Kf6 27. Nc2 Rd7 28. Re4 e5 29. b4 Rd3 30. b5 Na5 31. Re3 Rd5 32. a4 Rc5 33. Kb1 Rc4 34. Ra3 Rh4 35. h3 Kg5 36. Kc1 Kf4 37. Ne1 Kf5 38. Nd3 Rd4 39. g4+ Ke6 40. Nc5+ Kd5 41. Ne4 Kc4 42. Kc2 Kb4 43. Ra1 b6 44. gxh5 gxh5 45. Rb1+ Kxa4 46. Nc3+ Ka3 47. h4 Rc4 48. Rb2 Rc8 49. Rb1 Rd8 50. Rb2 Rd2+ 51. Kxd2 Kxb2 52. Kd3 Nb7 53. Ne4 Kb3 54. Nf6 Nd6 55. Nxh5 Nf5 56. Ke4 Nxh4 57. Kxe5 Nxf3+ 58. Kd5 Kb4 59. Kc6 Nd4+ 60. Kb7 Nxb5 61. Nf4 Kc4 62. Ne2 Nd4 63. Kxa7 b5 64. Nc1 b4 65. Ka6 Ne2 66. Nxe2 b3 67. Ng3 Kd3 0-1

[Event "Titled Tuesday intern op 27th Feb Early"]
[Site "Chess.com INT"]
[Date "2024.02.27"]
[Round "1"]
[White "Klekowski, Maciej"]
[Black "Miller, Eduard"]
[Result "0-1"]
[WhiteElo "2477"]
[BlackElo "2353"]
[PlyCount "76"]
[EventDate "2024.02.27"]
[EventType "swiss (blitz)"]
[EventRounds "11"]
[EventCountry "USA"]
[SourceTitle "EXT 2025"]
[Source "ChessBase"]
[SourceDate "2024.10.14"]
[SourceVersion "1"]
[SourceVersionDate "2024.10.14"]
[SourceQuality "1"]

1. c4 c5 2. Nc3 Nc6 3. Nf3 g6 4. d4 cxd4 5. Nxd4 Bg7 6. Nc2 d6 7. e4 Bxc3+ 8. bxc3 Nf6 9. f3 Qa5 10. Rb1 0-0 11. Be2 b6 12. 0-0 Qxc3 13. Bd2 Qe5 14. Rb5 Qe6 15. Bh6 Re8 16. Ne3 Ba6 17. Rg5 Rac8 18. Qa4 Na5 19. Rc1 Qd7 20. Qb4 Rc5 21. Nd5 Nxd5 22. exd5 Rec8 23. Rg4 Qf5 24. Re4 R5c7 25. Bd3 Qf6 26. h4 Qh8 27. Rce1 Nxc4 28. Bxc4 Rxc4 29. Qa3 Rxe4 30. Rxe4 Qa1+ 31. Kh2 Bf1 32. Rxe7 Bxg2 33. Kxg2 Rc2+ 34. Kg3 Qg1+ 35. Kf4 Qh2+ 36. Ke4 Qxh4+ 37. Kd3 Qc4+ 38. Ke3 Re2# 0-1

[Event "Titled Tuesday intern op 27th Feb Early"]
[Site "Chess.com INT"]
[Date "2024.02.27"]
[Round "5"]
[White "Miller, Eduard"]
[Black "Khakhinov, Ilya"]
[Result "0-1"]
[WhiteElo "2353"]
[BlackElo "2236"]
[PlyCount "102"]
[EventDate "2024.02.27"]
[EventType "swiss (blitz)"]
[EventRounds "11"]
[EventCountry "USA"]
[SourceTitle "EXT 2025"]
[Source "ChessBase"]
[SourceDate "2024.10.14"]
[SourceVersion "1"]
[SourceVersionDate "2024.10.14"]
[SourceQuality "1"]

1. d4 d5 2. Bf4 e6 3. e3 Nf6 4. Nf3 Bd6 5. Ne5 0-0 6. Nd2 c5 7. c3 Nc6 8. Ndf3 Ne4 9. Bd3 f6 10. Nxc6 bxc6 11. Bxe4 dxe4 12. Bxd6 Qxd6 13. Nd2 f5 14. Qa4 cxd4 15. cxd4 c5 16. dxc5 Qxc5 17. 0-0 Rd8 18. Rac1 Qe7 19. Nb3 Bb7 20. g3 g6 21. Rc5 Bd5 22. Nd4 Qxc5 23. b4 Qc4 24. a3 a5 25. Rb1 axb4 26. Qxb4 Qxb4 27. axb4 Rdb8 28. b5 Rb6 29. Rc1 Ra7 30. Rc5 Kf7 31. Kg2 h5 32. h3 Ke7 33. g4 hxg4 34. hxg4 Kd6 35. Rc8 Ra8 36. Rc3 Rb7 37. gxf5 gxf5 38. Kf1 Ra2 39. Rc2 Rxc2 40. Nxc2 Rxb5 41. Nd4 Rb2 42. Kg2 Ke7 43. Kg3 Kf6 44. f4 exf3 45. e4 fxe4 46. Kf4 e5+ 47. Ke3 exd4+ 48. Kf4 f2 49. Kg4 f1Q 50. Kg3 Qf3+ 51. Kh4 Rh2# 0-1

[Event "Titled Tuesday intern op 20th Feb Late"]
[Site "Chess.com INT"]
[Date "2024.02.20"]
[Round "2"]
[White "Miller, Eduard"]
[Black "Davalos Prieto, Abel"]
[Result "1-0"]
[WhiteElo "2353"]
[BlackElo "1985"]
[PlyCount "81"]
[EventDate "2024.02.20"]
[EventType "swiss (blitz)"]
[EventRounds "11"]
[EventCountry "USA"]
[SourceTitle "EXT 2025"]
[Source "ChessBase"]
[SourceDate "2024.10.14"]
[SourceVersion "1"]
[SourceVersionDate "2024.10.14"]
[SourceQuality "1"]

1. d4 Nf6 2. Bf4 d5 3. e3 c5 4. Nf3 Nc6 5. Nbd2 cxd4 6. exd4 Bf5 7. Bb5 Qb6 8. c4 dxc4 9. a4 Bd3 10. Ne5 Nd5 11. Ndxc4 Bxc4 12. Nxc4 Qd8 13. Bg3 e6 14. 0-0 Be7 15. Ne5 Rc8 16. Rc1 Qb6 17. Nc4 Qd8 18. Qg4 0-0 19. Rfd1 a6 20. Bxc6 Rxc6 21. Ne3 Rxc1 22. Rxc1 Nf6 23. Qf4 Nh5 24. Qc7 Nxg3 25. hxg3 b5 26. axb5 axb5 27. Qb7 b4 28. Rc7 Bd6 29. Rd7 Qb8 30. Nc4 Qxb7 31. Rxb7 Bb8 32. Rxb4 Ba7 33. Ne5 f6 34. Nc6 Ra8 35. Ra4 Rc8 36. Nxa7 Rc1+ 37. Kh2 Rb1 38. b4 Rd1 39. b5 Rb1 40. Rc4 Rxb5 41. Nxb5 1-0

[Event "Titled Tuesday intern op 20th Feb Late"]
[Site "Chess.com INT"]
[Date "2024.02.20"]
[Round "3"]
[White "Miller, Eduard"]
[Black "Dyachuk, Artem"]
[Result "0-1"]
[WhiteElo "2353"]
[BlackElo "2307"]
[PlyCount "76"]
[EventDate "2024.02.20"]
[EventType "swiss (blitz)"]
[EventRounds "11"]
[EventCountry "USA"]
[SourceTitle "EXT 2025"]
[Source "ChessBase"]
[SourceDate "2024.10.14"]
[SourceVersion "1"]
[SourceVersionDate "2024.10.14"]
[SourceQuality "1"]

1. d4 d5 2. Bf4 Nf6 3. e3 c5 4. Nf3 Nc6 5. Nbd2 g6 6. h3 Bg7 7. c3 0-0 8. Be2 Nd7 9. 0-0 e5 10. dxe5 Ndxe5 11. Nxe5 Nxe5 12. Nf3 Nc6 13. Qa4 h6 14. Rfd1 Qb6 15. Qa3 Be6 16. Bd6 c4 17. Bxf8 Bxf8 18. Qa4 Qxb2 19. Rab1 Qxc3 20. Rxb7 Rc8 21. Rdb1 Bc5 22. Bf1 d4 23. exd4 Nxd4 24. Nxd4 Qxd4 25. R1b2 Rd8 26. Rc2 Qe4 27. Rxc4 Bxc4 28. Qxc4 Bxf2+ 29. Kxf2 Qxb7 30. Kg1 Rc8 31. Qa4 Qb6+ 32. Kh2 Qd6+ 33. Kg1 Qc5+ 34. Kh2 Qe5+ 35. Kg1 Qe3+ 36. Kh2 Rc1 37. Bd3 Qe5+ 38. g3 Qb2+ 0-1

[Event "Titled Tuesday intern op 20th Feb Late"]
[Site "Chess.com INT"]
[Date "2024.02.20"]
[Round "6"]
[White "Miller, Eduard"]
[Black "Yushko, Olga"]
[Result "0-1"]
[WhiteElo "2353"]
[BlackElo "2088"]
[PlyCount "74"]
[EventDate "2024.02.20"]
[EventType "swiss (blitz)"]
[EventRounds "11"]
[EventCountry "USA"]
[SourceTitle "EXT 2025"]
[Source "ChessBase"]
[SourceDate "2024.10.14"]
[SourceVersion "1"]
[SourceVersionDate "2024.10.14"]
[SourceQuality "1"]

1. d4 e6 2. Bf4 Nf6 3. e3 d5 4. Nf3 c5 5. Nbd2 Nc6 6. c3 Bd6 7. Bg3 0-0 8. Bd3 cxd4 9. exd4 Re8 10. 0-0 e5 11. dxe5 Nxe5 12. Nxe5 Bxe5 13. Bxe5 Rxe5 14. Nf3 Re8 15. Nd4 Bg4 16. Qb3 Qc7 17. h3 Bh5 18. Rfe1 Rad8 19. a4 Ne4 20. Bxe4 dxe4 21. Re3 Bg6 22. Rae1 Kh8 23. g3 f5 24. Ne6 Qf7 25. Nd4 Qc7 26. Ne2 Bf7 27. Qa3 g5 28. h4 f4 29. gxf4 gxf4 30. Rh3 Rg8+ 31. Kh1 Be6 32. Rh2 Bg4 33. Ng1 Qc6 34. Qb4 e3+ 35. f3 Bxf3+ 36. Nxf3 Qxf3+ 37. Rg2 Qxg2# 0-1

[Event "Baden-Baden op"]
[Site "Baden-Baden"]
[Date "2024.02.11"]
[Round "4"]
[White "Berresheim, Helmut"]
[Black "Miller, Eduard"]
[Result "0-1"]
[WhiteElo "2040"]
[BlackElo "2353"]
[PlyCount "78"]
[EventDate "2024.02.09"]
[EventType "swiss"]
[EventRounds "9"]
[EventCountry "GER"]
[SourceTitle "CBM 218 Extra"]
[Source "ChessBase"]
[SourceDate "2024.03.31"]
[SourceVersion "1"]
[SourceVersionDate "2024.03.31"]
[SourceQuality "1"]

1. d4 Nf6 2. c4 b6 3. Nc3 Bb7 4. Qc2 d5 5. cxd5 Nxd5 6. Nf3 e6 7. e4 Nxc3 8. bxc3 Be7 9. Bb5+ c6 10. Bd3 0-0 11. e5 h6 12. 0-0 c5 13. Qe2 cxd4 14. cxd4 Qd5 15. Re1 Rd8 16. Bf4 Nc6 17. Be4 Qd7 18. Rad1 Nb4 19. Bb1 Qa4 20. Rc1 Rac8 21. Qd1 Qxd1 22. Rexd1 Bd5 23. a3 Bxf3 24. gxf3 Nd5 25. Rxc8 Rxc8 26. Rc1 Rd8 27. Be3 Bxa3 28. Rc6 Kf8 29. Be4 Ke7 30. f4 Kd7 31. Rc2 b5 32. f5 Rc8 33. Ra2 b4 34. Bd2 Rc4 35. Bxd5 exd5 36. Be3 a5 37. Kf1 b3 38. Rxa3 b2 39. Rb3 Rb4 0-1

[Event "BL2-Ost 2324"]
[Site "Germany"]
[Date "2023.10.22"]
[Round "2.2"]
[White "Miller, Eduard"]
[Black "Braeuer, Franz"]
[Result "1-0"]
[WhiteElo "2342"]
[BlackElo "2444"]
[PlyCount "55"]
[EventDate "2023.10.21"]
[EventType "team-tourn"]
[EventRounds "10"]
[EventCountry "GER"]
[SourceTitle "EXT 2025"]
[Source "ChessBase"]
[SourceDate "2024.10.14"]
[SourceVersion "1"]
[SourceVersionDate "2024.10.14"]
[SourceQuality "1"]
[WhiteTeam "Erlangen"]
[BlackTeam "Goeggingen"]
[WhiteTeamCountry "GER"]
[BlackTeamCountry "GER"]

1. d4 e6 2. Bf4 Nf6 3. e3 d5 4. Nf3 Bd6 5. Ne5 0-0 6. Nd2 c5 7. c3 b6 8. Bd3 Bb7 9. Qf3 Nc6 10. Qh3 Ne7 11. 0-0 a5 12. Ng4 Ng6 13. Nxf6+ gxf6 14. Bxd6 Qxd6 15. f4 f5 16. Nf3 f6 17. g4 fxg4 18. Qxg4 f5 19. Qh5 Bc6 20. Kh1 Ra7 21. Rg1 Be8 22. Rg3 Kh8 23. Rag1 Rg7 24. Qh6 Rfg8 25. Ne5 Qe7 26. Bb5 c4 27. Bxe8 Qxe8 28. h4 1-0

[Event "Bavaria-ch 94th"]
[Site "Rosenheim"]
[Date "2023.08.26"]
[Round "9"]
[White "Miller, Eduard"]
[Black "Boehme, Sebastian1"]
[Result "1-0"]
[WhiteElo "2324"]
[BlackElo "2215"]
[PlyCount "65"]
[EventDate "2023.08.20"]
[EventType "tourn"]
[EventRounds "9"]
[EventCountry "GER"]
[SourceTitle "CBM 215 Extra"]
[Source "ChessBase"]
[SourceDate "2023.09.30"]
[SourceVersion "1"]
[SourceVersionDate "2023.09.30"]
[SourceQuality "1"]

1. e4 e6 2. d3 d5 3. Nd2 Nf6 4. Ngf3 Nc6 5. a3 a5 6. b3 dxe4 7. dxe4 Bc5 8. Bb5 0-0 9. Bxc6 bxc6 10. Bb2 Ng4 11. 0-0 f6 12. h3 Nxf2 13. Rxf2 e5 14. Qe1 Be6 15. Kh2 Bxf2 16. Qxf2 a4 17. Bc3 Qb8 18. Bb4 Rd8 19. Bc5 Qb5 20. b4 Rd7 21. Re1 Rad8 22. Re3 Qa6 23. Rc3 g5 24. Nf1 Rg7 25. Ng3 g4 26. Nh4 gxh3 27. Qxf6 Qc8 28. Ngf5 Bxf5 29. Nxf5 Rxg2+ 30. Kxh3 Rg6 31. Rg3 Qd7 32. Kh4 Rxg3 33. Nh6# 1-0